The Playskool guide to baby play : (Record no. 2041)
[ view plain ]
| 000 -LEADER | |
|---|---|
| fixed length control field | 02049cam a2200289 a 4500 |
| 001 - CONTROL NUMBER | |
| control field | 2041 |
| 003 - CONTROL NUMBER IDENTIFIER | |
| control field | FISKH |
| 005 - DATE AND TIME OF LATEST TRANSACTION | |
| control field | 20231101154402.0 |
| 008 - FIXED-LENGTH DATA ELEMENTS--GENERAL INFORMATION | |
| fixed length control field | 070719s2007 ilu 000 0 eng |
| 010 ## - LIBRARY OF CONGRESS CONTROL NUMBER | |
| LC control number | 2007029263 |
| 020 ## - INTERNATIONAL STANDARD BOOK NUMBER | |
| International Standard Book Number | 9781402210693 (pbk.) |
| 020 ## - INTERNATIONAL STANDARD BOOK NUMBER | |
| International Standard Book Number | 1402210698 (pbk.) |
| 040 ## - CATALOGING SOURCE | |
| Original cataloging agency | DLC |
| Transcribing agency | DLC |
| Modifying agency | DLC |
| Language of cataloging | eng |
| 050 00 - LIBRARY OF CONGRESS CALL NUMBER | |
| Classification number | HQ774 |
| Item number | .M44 2007 |
| 082 00 - DEWEY DECIMAL CLASSIFICATION NUMBER | |
| Classification number | 649.55 |
| Edition number | 22 |
| 100 1# - MAIN ENTRY--PERSONAL NAME | |
| Personal name | McClure, Robin. |
| 245 14 - TITLE STATEMENT | |
| Title | The Playskool guide to baby play : |
| Remainder of title | more then 300 games and activities to play and learn with your baby / |
| Statement of responsibility, etc. | Robin McClure. |
| 260 ## - PUBLICATION, DISTRIBUTION, ETC. | |
| Place of publication, distribution, etc. | Naperville : |
| Name of publisher, distributor, etc. | Sourcebooks, |
| Date of publication, distribution, etc. | 2007. |
| 300 ## - PHYSICAL DESCRIPTION | |
| Extent | 203 pages ; |
| Dimensions | 23 cm |
| 520 ## - SUMMARY, ETC. | |
| Summary, etc. | Play opens a world of creativity, discovery and learning Packed full of more than 300 games and activities for any situation and every day of the year, The Playskool Guide to Baby Play will give you hours of creative fun, playing, bonding and growing together with your little one! --Diaper time-the best ways to keep baby entertained --New motor skills-games for reaching, sitting up and crawling --Fun with the family-great quality-time ideas for the whole family --Meal time-creative opportunities to include baby at the dinner table --Arts and crafts-baby keepsakes to create and cherish for a lifetime --Sights and sounds-games to promote baby's developing senses --One-on-one-bonding with the tiniest member of the family --Holiday fun-holiday-themed activities from January through December As the American Academy of Pediatrics (AAP) recently reported, play is essential for helping children reach important developmental milestones. Make play a part of your family's growth and bonding time. The Playskool Guide to Baby Play provides more than 300 great ways to entertain, teach, amuse and delight your little one. |
| 650 #0 - SUBJECT ADDED ENTRY--TOPICAL TERM | |
| Topical term or geographic name entry element | Infants |
| General subdivision | Development. |
| 650 #0 - SUBJECT ADDED ENTRY--TOPICAL TERM | |
| Topical term or geographic name entry element | Play. |
| 650 #0 - SUBJECT ADDED ENTRY--TOPICAL TERM | |
| Topical term or geographic name entry element | Parent and infant. |
| 906 ## - LOCAL DATA ELEMENT F, LDF (RLIN) | |
| a | 7 |
| b | cbc |
| c | orignew |
| d | 1 |
| e | ecip |
| f | 20 |
| g | y-gencatlg |
| 942 ## - ADDED ENTRY ELEMENTS (KOHA) | |
| Source of classification or shelving scheme | Dewey Decimal Classification |
| Koha item type | Books |
| Suppress in OPAC | No |
| Withdrawn status | Lost status | Source of classification or shelving scheme | Damaged status | Not for loan | Collection | Home library | Current library | Shelving location | Date acquired | Total Checkouts | Full call number | Barcode | Date last seen | Price effective from | Koha item type |
|---|---|---|---|---|---|---|---|---|---|---|---|---|---|---|---|
| Dewey Decimal Classification | Non-Fiction | Footprints International School Library Network Toul Kork Campus | Footprints International School Library Network Toul Kork Campus | 11/01/2023 | MCC 649.55 HQ774.M44 | 2023-0724 | 11/01/2023 | 11/01/2023 | Books |
